[Event "Parsvnath Commonwealth ch 2010"]
[Site "Nueva Delhi IND"]
[Date "2010.05.14"]
[Round "7.29"]
[White "Ankit, R. Rajpara"]
[Black "Ganesh, Bhat R"]
[Result "1-0"]
[WhiteElo "2350"]
[BlackElo "2192"]
[PlyCount "47"]
[EventDate "2010.05.10"]
[EventType "swiss"]
[EventRounds "11"]
[EventCountry "IND"]
[Source "lmi"]
[SourceDate "2010.05.10"]

1. e4 c5 2. c3 e5 3. Nf3 Nc6 4. d4 cxd4 5. cxd4 exd4 6. Nxd4 Nf6 7. Nc3 d6 8.
Bf4 a6 9. Be2 Be7 10. O-O O-O 11. Qd2 Bd7 12. Rfd1 Nxd4 13. Qxd4 Bc6 14. Bxd6
Bxd6 15. Qxd6 Nxe4 16. Qxc6 bxc6 17. Rxd8 Raxd8 18. Nxe4 Rfe8 19. f3 a5 20. Rc1
Rb8 21. b3 Rb6 22. Bc4 h6 23. Nd6 Rf8 24. Re1 1-0

[Event "Parsvnath Commonwealth ch 2010"]
[Site "Nueva Delhi IND"]
[Date "2010.05.14"]
[Round "7.30"]
[White "Shashaank, D.S."]
[Black "Vaibhav, Suri"]
[Result "0-1"]
[WhiteElo "2144"]
[BlackElo "2347"]
[PlyCount "120"]
[EventDate "2010.05.10"]
[EventType "swiss"]
[EventRounds "11"]
[EventCountry "IND"]
[Source "lmi"]
[SourceDate "2010.05.10"]

1. d4 Nf6 2. Nc3 d5 3. Bg5 Nbd7 4. Nf3 h6 5. Bf4 e6 6. e3 a6 7. Bd3 Be7 8. O-O
c5 9. Re1 O-O 10. Ne5 b5 11. Nc6 Qe8 12. Bxb5 axb5 13. Nxb5 Nb8 14. Nxe7+ Qxe7
15. Bd6 Qd7 16. a4 Rd8 17. dxc5 Ba6 18. Nc3 Nc6 19. Rb1 Nb4 20. e4 d4 21. e5
Ne8 22. Ne4 d3 23. Qg4 dxc2 24. Rbc1 Nd5 25. Rxc2 Bd3 26. Rd2 Bxe4 27. Rxe4 Qc6
28. Rc4 Rdc8 29. b3 Qb7 30. Rd3 Rc6 31. f4 Nxd6 32. exd6 Rxc5 33. Rxc5 Qa7 34.
Rdxd5 exd5 35. b4 Rd8 36. a5 Rxd6 37. Qc8+ Kh7 38. Qf5+ g6 39. Qe5 Re6 40. Qxd5
Re1+ 41. Kf2 Qe7 42. Qd3 Re4 43. Qd2 Qh4+ 44. Kf3 Re1 45. Rc1 Re6 46. Rb1 Qxh2
47. b5 Qh5+ 48. Kg3 Qc5 49. Rb3 g5 50. Qd3+ Rg6 51. f5 Qe5+ 52. Kf2 Rd6 53. Qc2
Qf4+ 54. Rf3 Rd2+ 55. Qxd2 Qxd2+ 56. Kg3 Qxa5 57. Rb3 Qe1+ 58. Kh2 g4 59. Rg3
Qe5 60. b6 h5 0-1

[Event "Parsvnath Commonwealth ch 2010"]
[Site "Nueva Delhi IND"]
[Date "2010.05.14"]
[Round "7.31"]
[White "Padmini, Rout"]
[Black "Dhar, Rajib"]
[Result "1/2-1/2"]
[WhiteElo "2319"]
[BlackElo "2180"]
[PlyCount "69"]
[EventDate "2010.05.10"]
[EventType "swiss"]
[EventRounds "11"]
[EventCountry "IND"]
[Source "lmi"]
[SourceDate "2010.05.10"]

1. e4 c5 2. Nf3 d6 3. d4 cxd4 4. Nxd4 Nf6 5. Nc3 a6 6. Bg5 Nc6 7. Qd2 Qb6 8.
Nb3 e6 9. f3 Be7 10. O-O-O Bd7 11. g4 Ne5 12. Be3 Qc7 13. g5 Nh5 14. f4 Nc4 15.
Qd4 Nxe3 16. Qxe3 d5 17. e5 g6 18. Bd3 Ng7 19. Kb1 b5 20. Ne2 a5 21. h4 a4 22.
Nbd4 Bc5 23. Nxb5 Qb6 24. Nbd4 Ke7 25. c3 Rhb8 26. Qc1 Ra7 27. Ka1 Bc8 28. Rd2
Ba6 29. Bxa6 Qxa6 30. Ng3 Rc7 31. a3 Rbc8 32. Qf1 Qb6 33. Nge2 Nh5 34. Rh3 Rb7
35. Qd1 1/2-1/2

[Event "Parsvnath Commonwealth ch 2010"]
[Site "Nueva Delhi IND"]
[Date "2010.05.14"]
[Round "7.32"]
[White "Kaushik, S."]
[Black "Abu Sufian, Shakil"]
[Result "1/2-1/2"]
[WhiteElo "2144"]
[BlackElo "2305"]
[PlyCount "98"]
[EventDate "2010.05.10"]
[EventType "swiss"]
[EventRounds "11"]
[EventCountry "IND"]
[Source "lmi"]
[SourceDate "2010.05.10"]

1. e4 c5 2. Nf3 Nc6 3. d4 cxd4 4. Nxd4 g6 5. Nc3 Bg7 6. Be3 Nf6 7. Bc4 O-O 8.
Bb3 d6 9. h3 Bd7 10. O-O Na5 11. Qd3 Bc6 12. Rad1 Nxb3 13. Nxc6 bxc6 14. axb3
Qc7 15. Qc4 Rfc8 16. f4 e6 17. Qa6 d5 18. e5 Nd7 19. Ra1 f6 20. exf6 Bxf6 21.
Rfd1 Re8 22. Qa5 Qb8 23. Kh1 Rc8 24. Qa6 Bxc3 25. bxc3 Nf6 26. c4 Ne4 27. cxd5
exd5 28. Rd3 Ng3+ 29. Kh2 Nf5 30. Bd2 Qb6 31. Rf3 Re8 32. Qd3 Qd4 33. Ra6 Re6
34. Bc3 Qxd3 35. Rxd3 Kf7 36. Be5 g5 37. g3 gxf4 38. gxf4 Ne7 39. Rg3 Rg6 40.
Rxg6 hxg6 41. Bd6 Nf5 42. Rxc6 Nxd6 43. Rxd6 Rc8 44. Rxd5 Rxc2+ 45. Kg3 Rc3+
46. Kg4 Rxb3 47. Rd7+ Kf6 48. Rxa7 Rb5 49. Rc7 Ra5 1/2-1/2

[Event "Parsvnath Commonwealth ch 2010"]
[Site "Nueva Delhi IND"]
[Date "2010.05.14"]
[Round "7.33"]
[White "Agaragimov, Djakhangir"]
[Black "Gusain, Himal"]
[Result "1-0"]
[WhiteElo "2304"]
[BlackElo "2159"]
[PlyCount "91"]
[EventDate "2010.05.10"]
[EventType "swiss"]
[EventRounds "11"]
[EventCountry "IND"]
[Source "lmi"]
[SourceDate "2010.05.10"]

1. d4 d5 2. Nf3 c6 3. c4 e6 4. Nbd2 Nf6 5. g3 dxc4 6. Nxc4 c5 7. Bg2 Be7 8. O-O
Nc6 9. dxc5 Bxc5 10. Qxd8+ Kxd8 11. a3 a5 12. Bf4 Nd5 13. Rfd1 Ke7 14. Nfe5 Nd4
15. Kf1 Nxf4 16. gxf4 Ra6 17. Rac1 f6 18. Nd3 Ba7 19. Nd2 Rd6 20. Ne4 Rd7 21.
Nec5 Rc7 22. Nxb7 Rxc1 23. Rxc1 Bd7 24. Nxa5 Bb8 25. Rc4 e5 26. a4 Bg4 27. Nc6+
Nxc6 28. Rxc6 exf4 29. a5 Rd8 30. Rc4 h5 31. h3 Bc8 32. Ke1 Ba6 33. Re4+ Kf7
34. Nc5 Bc8 35. Rb4 Ba7 36. Rc4 f3 37. Bxf3 Bxh3 38. Bxh5+ Kg8 39. Bf3 Rc8 40.
Bd5+ Kh7 41. b4 Kg6 42. a6 Rd8 43. e4 Bg2 44. b5 Rh8 45. Na4 Rh1+ 46. Kd2 1-0

[Event "Parsvnath Commonwealth ch 2010"]
[Site "Nueva Delhi IND"]
[Date "2010.05.14"]
[Round "7.34"]
[White "Lokesh, P."]
[Black "Deshmukh, Anup"]
[Result "0-1"]
[WhiteElo "2131"]
[BlackElo "2301"]
[PlyCount "80"]
[EventDate "2010.05.10"]
[EventType "swiss"]
[EventRounds "11"]
[EventCountry "IND"]
[Source "lmi"]
[SourceDate "2010.05.10"]

1. e4 e5 2. Nf3 Nc6 3. Bb5 a6 4. Ba4 Nf6 5. O-O b5 6. Bb3 Bc5 7. c3 Bb6 8. a4
Bb7 9. d4 d6 10. Re1 h6 11. h3 O-O 12. Be3 Na5 13. dxe5 Bxe3 14. Rxe3 dxe5 15.
Nbd2 Qe7 16. Bc2 c5 17. Qe2 Bc6 18. axb5 axb5 19. Rb1 Nb7 20. Nh2 Nd6 21. Ng4
Nxg4 22. Qxg4 Rfd8 23. Nf1 g6 24. Re2 h5 25. Qg3 Qf6 26. Qe3 Rac8 27. Nd2 b4
28. Bd3 Qe6 29. cxb4 c4 30. Bc2 Nb5 31. Ree1 Nd4 32. Qc3 Be8 33. Bd1 Nb5 34.
Qc1 c3 35. Nb3 Rxd1 36. Rxd1 c2 37. Nc5 cxd1=Q+ 38. Qxd1 Qc4 39. Qd2 Nd4 40.
Kh2 Qc2 0-1

[Event "Parsvnath Commonwealth ch 2010"]
[Site "Nueva Delhi IND"]
[Date "2010.05.14"]
[Round "7.35"]
[White "Joshi, G B."]
[Black "Navalgund, Niranjan"]
[Result "0-1"]
[WhiteElo "2293"]
[BlackElo "2158"]
[PlyCount "64"]
[EventDate "2010.05.10"]
[EventType "swiss"]
[EventRounds "11"]
[EventCountry "IND"]
[Source "lmi"]
[SourceDate "2010.05.10"]

1. e4 c5 2. Nf3 a6 3. c3 d5 4. exd5 Qxd5 5. d4 Nf6 6. Be3 cxd4 7. cxd4 e6 8.
Nc3 Qd6 9. Bd3 Be7 10. O-O O-O 11. Qc2 g6 12. Rad1 Nc6 13. a3 Nd5 14. Bh6 Rd8
15. Ne4 Qc7 16. Rfe1 Bd7 17. h4 Rac8 18. Qb1 Nf6 19. Bg5 Nxe4 20. Bxe4 Kg7 21.
d5 exd5 22. Bxd5 Bf5 23. Qc1 Bxg5 24. Qxg5 h6 25. Qe3 Rd6 26. Bxc6 Rxd1 27.
Rxd1 Qxc6 28. g4 Re8 29. Qd4+ Kg8 30. Ne5 Qf6 31. Nxf7 Re1+ 32. Kg2 Be4+ 0-1

[Event "Parsvnath Commonwealth ch 2010"]
[Site "Nueva Delhi IND"]
[Date "2010.05.14"]
[Round "7.36"]
[White "Soumya, Swaminathan"]
[Black "Kathmale, Sameer"]
[Result "1-0"]
[WhiteElo "2288"]
[BlackElo "2140"]
[PlyCount "75"]
[EventDate "2010.05.10"]
[EventType "swiss"]
[EventRounds "11"]
[EventCountry "IND"]
[Source "lmi"]
[SourceDate "2010.05.10"]

1. e4 c6 2. d4 d5 3. f3 e6 4. Nc3 Bb4 5. Bf4 Nf6 6. Qd3 O-O 7. Nge2 c5 8. O-O-O
c4 9. Qe3 b5 10. Nxb5 Nc6 11. a3 Be7 12. g4 Qb6 13. Nec3 Ba6 14. Nc7 Rad8 15.
exd5 Nxd5 16. N3xd5 exd5 17. Nxa6 Qxa6 18. Qc3 Qb6 19. g5 a5 20. h4 Na7 21. Bd2
Rb8 22. Re1 Nc6 23. Bg2 Rfe8 24. f4 Bb4 25. axb4 axb4 26. Qh3 Nxd4 27. Bxd5 Qa5
28. Bxf7+ Kxf7 29. Qd7+ Kf8 30. Rxe8+ Rxe8 31. Bxb4+ Qxb4 32. Qxd4 Ra8 33. c3
Ra1+ 34. Kd2 Qxb2+ 35. Ke3 Rxh1 36. Qc5+ Ke8 37. Qc8+ Ke7 38. Qc7+ 1-0

[Event "Parsvnath Commonwealth ch 2010"]
[Site "Nueva Delhi IND"]
[Date "2010.05.14"]
[Round "7.37"]
[White "Kannemeyer, Werner"]
[Black "Hasan, Mehdi"]
[Result "0-1"]
[WhiteElo "1935"]
[BlackElo "2287"]
[PlyCount "102"]
[EventDate "2010.05.10"]
[EventType "swiss"]
[EventRounds "11"]
[EventCountry "IND"]
[Source "lmi"]
[SourceDate "2010.05.10"]

1. d4 d5 2. f4 Nf6 3. Nf3 Bf5 4. e3 e6 5. Bd3 Bxd3 6. Qxd3 c5 7. O-O Nc6 8.
Nbd2 Be7 9. c3 Qc7 10. Ne5 Nd7 11. Ndf3 f6 12. Nxc6 Qxc6 13. b3 Rc8 14. Bb2 c4
15. Qc2 O-O 16. Nd2 b5 17. a4 b4 18. Rfc1 Nb6 19. cxb4 Bxb4 20. Bc3 cxb3 21.
Qxb3 Bxc3 22. Ra3 Bxd2 23. Rxc6 Rxc6 24. Qb5 Rfc8 25. Rd3 Nc4 26. Kf2 Nd6 27.
Qb3 Ne4+ 28. Kf3 f5 29. g4 fxg4+ 30. Kxg4 Rb6 31. Qa3 Bc1 32. Qe7 Nf2+ 33. Kf3
Nxd3 34. a5 Rbc6 35. Qxa7 Nb4 36. Qb7 Ba3 37. Qd7 g6 38. h4 h5 39. Kg3 R8c7 40.
Qe8+ Kg7 41. Kf3 Na6 42. Qa8 Bb4 43. f5 exf5 44. Qd8 Bd6 45. Qa8 Nb4 46. Qb8 f4
47. Qb5 fxe3 48. Kxe3 Rc3+ 49. Ke2 Rc2+ 50. Kd1 Bf4 51. Ke1 Rb2 0-1

[Event "Parsvnath Commonwealth ch 2010"]
[Site "Nueva Delhi IND"]
[Date "2010.05.14"]
[Round "7.38"]
[White "De Villiers, Charles"]
[Black "Saranya, J."]
[Result "0-1"]
[WhiteElo "2284"]
[BlackElo "2119"]
[PlyCount "94"]
[EventDate "2010.05.10"]
[EventType "swiss"]
[EventRounds "11"]
[EventCountry "IND"]
[Source "lmi"]
[SourceDate "2010.05.10"]

1. d4 Nf6 2. c4 d6 3. Nf3 g6 4. Nc3 Bg7 5. g3 O-O 6. Bg2 Nc6 7. O-O e5 8. d5
Ne7 9. e4 Ne8 10. Bd2 f5 11. exf5 Bxf5 12. Ng5 Qd7 13. Qb3 Rb8 14. Be3 b6 15.
c5 Nf6 16. cxb6 axb6 17. h3 h6 18. Ne6 Bxe6 19. dxe6 Qd8 20. f4 Nh5 21. fxe5
Nxg3 22. Rf7 Rxf7 23. exf7+ Kh7 24. e6 Nef5 25. Bf2 Qg5 26. Qd5 Bxc3 27. bxc3
Ne2+ 28. Kh1 Nf4 29. Qf3 Nxe6 30. Re1 Neg7 31. Qc6 Rf8 32. Qxc7 Qd2 33. Kg1
Qxa2 34. c4 Kh8 35. Bd5 Qb3 36. Qd7 Qxh3 37. Re8 Qg4+ 38. Bg2 Nxe8 39. fxe8=Q
Rxe8 40. Qxe8+ Kg7 41. Qe4 Qd1+ 42. Bf1 h5 43. Bxb6 Qxf1+ 44. Kh2 g5 45. Qb7+
Kg6 46. Qd7 Qxc4 47. Bd8 g4 0-1

[Event "Parsvnath Commonwealth ch 2010"]
[Site "Nueva Delhi IND"]
[Date "2010.05.15"]
[Round "8.3"]
[White "Laxman, R.R."]
[Black "Gupta, Abhijeet"]
[Result "1/2-1/2"]
[WhiteElo "2476"]
[BlackElo "2570"]
[PlyCount "170"]
[EventDate "2010.05.10"]
[EventType "swiss"]
[EventRounds "11"]
[EventCountry "IND"]
[Source "lmi"]
[SourceDate "2010.05.10"]

1. Nf3 Nf6 2. c4 g6 3. Nc3 d5 4. d4 Bg7 5. Bg5 Ne4 6. Bh4 Nxc3 7. bxc3 dxc4 8.
Qa4+ c6 9. Qxc4 Qa5 10. e3 Be6 11. Qd3 Nd7 12. Qc2 Nc5 13. Rc1 Bf5 14. Qd2 Ne4
15. Qb2 Nd6 16. Nd2 Be6 17. a3 Nf5 18. Bg3 O-O 19. Bc4 Bxc4 20. Nxc4 Qd5 21.
Nd2 Qxg2 22. Ke2 c5 23. Nf3 b6 24. e4 Nd6 25. h3 Nxe4 26. Bh4 cxd4 27. cxd4 e5
28. Rcg1 Qxh1 29. Rxh1 exd4 30. Nxd4 Rfe8 31. Kf3 Nc5 32. Rd1 Re4 33. Bg5 h6
34. Be3 Rd8 35. Qb5 Kh7 36. Nb3 Rxe3+ 37. fxe3 Rxd1 38. Nxc5 Rd5 39. Qa6 Rxc5
40. Qxa7 Rc6 41. a4 Rf6+ 42. Kg2 Bf8 43. e4 Kg7 44. Qc7 Re6 45. Qc4 Be7 46. Kf3
h5 47. Qd5 Bf6 48. Kg2 Re5 49. Qc6 Re6 50. Qd5 h4 51. Kf3 Be5 52. Kg2 Bg3 53.
Qd4+ Be5 54. Qd5 Bf6 55. Kh1 Re5 56. Qc6 Ra5 57. Qd7 Rg5 58. Qc6 Rg3 59. Qd7
Re3 60. Qg4 Rd3 61. Qc8 Rc3 62. Qd7 Rc4 63. Qe8 Rc1+ 64. Kg2 Rc2+ 65. Kh1 Re2
66. Kg1 Bd4+ 67. Kh1 Re1+ 68. Kg2 Re3 69. Kh2 Bf6 70. Kg2 Rg3+ 71. Kh2 Rg5 72.
Kh1 Rg3 73. Kh2 Re3 74. Kg2 g5 75. Kh2 Re2+ 76. Kh1 g4 77. hxg4 h3 78. g5 Bxg5
79. Qe5+ f6 80. Qf5 Re3 81. e5 Rxe5 82. Qxh3 Be3 83. Kg2 Bc5 84. Qc8 Kg6 85.
Kf3 Rf5+ 1/2-1/2

[Event "Parsvnath Commonwealth ch 2010"]
[Site "Nueva Delhi IND"]
[Date "2010.05.15"]
[Round "8.5"]
[White "Bocharov, Dmitry"]
[Black "Rathnakaran, K."]
[Result "1-0"]
[WhiteElo "2592"]
[BlackElo "2397"]
[PlyCount "89"]
[EventDate "2010.05.10"]
[EventType "swiss"]
[EventRounds "11"]
[EventCountry "IND"]
[Source "lmi"]
[SourceDate "2010.05.10"]

1. d4 Nf6 2. c4 c5 3. d5 e6 4. Nc3 exd5 5. cxd5 d6 6. Nf3 a6 7. a4 g6 8. h3 Bg7
9. e4 O-O 10. Bd3 Nbd7 11. O-O Rb8 12. Bf4 Ne8 13. a5 Qc7 14. Re1 b5 15. axb6
Rxb6 16. Qc2 h6 17. Bh2 g5 18. Nd2 Ne5 19. Bxe5 dxe5 20. Na4 Rg6 21. Qxc5 Qd8
22. g4 h5 23. f3 Nd6 24. Kg2 f5 25. exf5 Nxf5 26. Bxf5 Bxf5 27. gxf5 Rxf5 28.
Rac1 Rf8 29. d6 g4 30. Qc4+ Kh7 31. hxg4 Rf4 32. Re4 Qxd6 33. Qc2 hxg4 34. Rxf4
exf4 35. Rh1+ Bh6 36. Ne4 Qe5 37. Rh5 gxf3+ 38. Kf1 Qe7 39. Nac3 Kg8 40. Nd5
Qg7 41. Rh1 Qb7 42. Qc4 Kg7 43. Nxf4 Qxb2 44. Qc7+ Kg8 45. Qd8+ 1-0

[Event "Parsvnath Commonwealth ch 2010"]
[Site "Nueva Delhi IND"]
[Date "2010.05.15"]
[Round "8.6"]
[White "Lafuente, Pablo"]
[Black "Bakre, Tejas"]
[Result "1/2-1/2"]
[WhiteElo "2587"]
[BlackElo "2483"]
[PlyCount "62"]
[EventDate "2010.05.10"]
[EventType "swiss"]
[EventRounds "11"]
[EventCountry "IND"]
[Source "lmi"]
[SourceDate "2010.05.10"]

1. d4 d5 2. c4 dxc4 3. Nf3 Nf6 4. e3 e6 5. Bxc4 a6 6. O-O c5 7. Qe2 b5 8. Bd3
cxd4 9. exd4 Be7 10. a4 bxa4 11. Nc3 Bb7 12. Rxa4 O-O 13. Rd1 a5 14. Bg5 Nbd7
15. Rda1 Nb6 16. Rxa5 Rxa5 17. Rxa5 Bxf3 18. Qxf3 Qxd4 19. Bf1 Nfd5 20. Bxe7
Nxe7 21. Ra7 Ned5 22. Nxd5 Nxd5 23. Rb7 g6 24. g3 h5 25. b3 Nf6 26. Rc7 Qe5 27.
Qc3 Qxc3 28. Rxc3 Nd5 29. Rc5 Ra8 30. Bc4 Ra1+ 31. Kg2 Rb1 1/2-1/2

[Event "Parsvnath Commonwealth ch 2010"]
[Site "Nueva Delhi IND"]
[Date "2010.05.15"]
[Round "8.7"]
[White "Abhishek, Das"]
[Black "Iuldachev, Saidali"]
[Result "0-1"]
[WhiteElo "2331"]
[BlackElo "2511"]
[PlyCount "40"]
[EventDate "2010.05.10"]
[EventType "swiss"]
[EventRounds "11"]
[EventCountry "IND"]
[Source "lmi"]
[SourceDate "2010.05.10"]

1. e4 e5 2. Nf3 Nc6 3. Nc3 Nf6 4. Bb5 Bb4 5. O-O O-O 6. d3 d6 7. Bg5 Bxc3 8.
bxc3 Qe7 9. Re1 Nd8 10. d4 Bg4 11. h3 Bh5 12. g4 Bg6 13. Nh4 Ne6 14. Qd2 h6 15.
Nf5 Bxf5 16. Bxf6 Qxf6 17. exf5 Nf4 18. Kh2 h5 19. Kg3 hxg4 20. hxg4 Qh6 0-1

[Event "Parsvnath Commonwealth ch 2010"]
[Site "Nueva Delhi IND"]
[Date "2010.05.15"]
[Round "8.8"]
[White "Prasanna, Rao"]
[Black "Sriram, Jha"]
[Result "1-0"]
[WhiteElo "2309"]
[BlackElo "2507"]
[PlyCount "67"]
[EventDate "2010.05.10"]
[EventType "swiss"]
[EventRounds "11"]
[EventCountry "IND"]
[Source "lmi"]
[SourceDate "2010.05.10"]

1. e4 e5 2. Nf3 Nc6 3. Bb5 a6 4. Ba4 Nf6 5. d3 d6 6. c3 g6 7. Nbd2 Bg7 8. O-O
O-O 9. Re1 Nd7 10. b4 h6 11. Bb2 Kh8 12. Bxc6 bxc6 13. d4 a5 14. Nc4 axb4 15.
cxb4 exd4 16. Bxd4 Ba6 17. Ne3 Re8 18. Ng4 h5 19. Ne3 Rxe4 20. Bxg7+ Kxg7 21.
Nd4 Qf6 22. Nxc6 Rae8 23. Qa4 Nc5 24. Qa5 Nd3 25. Rf1 Nxf2 26. Nd5 Nh3+ 27. Kh1
Nf2+ 28. Kg1 Qg5 29. Nxc7 Nh3+ 30. Kh1 Nf2+ 31. Rxf2 Re1+ 32. Rf1 Bxf1 33.
Nxe8+ Kh7 34. Qxg5 1-0

[Event "Parsvnath Commonwealth ch 2010"]
[Site "Nueva Delhi IND"]
[Date "2010.05.15"]
[Round "8.11"]
[White "Koshy, Varugeese"]
[Black "Ashwin, Jayaram"]
[Result "0-1"]
[WhiteElo "2310"]
[BlackElo "2457"]
[PlyCount "48"]
[EventDate "2010.05.10"]
[EventType "swiss"]
[EventRounds "11"]
[EventCountry "IND"]
[Source "lmi"]
[SourceDate "2010.05.10"]

1. g3 d5 2. Bg2 e5 3. d3 Nc6 4. Nf3 g6 5. O-O Bg7 6. e4 Nge7 7. Nc3 O-O 8. Bd2
d4 9. Ne2 a5 10. c3 dxc3 11. Bxc3 b5 12. a3 Bb7 13. Qd2 Qd6 14. d4 b4 15. dxe5
Qc5 16. Bd4 Nxd4 17. Nfxd4 Rfd8 18. f4 Ba6 19. axb4 axb4 20. Rfc1 Qb6 21. Rxa6
Rxa6 22. Qe3 Ra2 23. Rc2 b3 24. Rd2 c5 0-1

[Event "Parsvnath Commonwealth ch 2010"]
[Site "Nueva Delhi IND"]
[Date "2010.05.15"]
[Round "8.12"]
[White "Hasan, Mehdi"]
[Black "Murshed, Niaz"]
[Result "1/2-1/2"]
[WhiteElo "2287"]
[BlackElo "2426"]
[PlyCount "76"]
[EventDate "2010.05.10"]
[EventType "swiss"]
[EventRounds "11"]
[EventCountry "IND"]
[Source "lmi"]
[SourceDate "2010.05.10"]

1. e4 e6 2. d4 d5 3. e5 c5 4. c3 Nc6 5. Nf3 Bd7 6. a3 f6 7. Bd3 c4 8. Bc2 Qc7
9. Bf4 O-O-O 10. Nbd2 h6 11. h4 f5 12. h5 Nf6 13. Nf1 Be8 14. N3d2 Ne4 15. f3
Nxd2 16. Qxd2 Be7 17. g3 b5 18. Ne3 a5 19. Kf2 Rf8 20. Bd1 Qa7 21. Ng2 Rd7 22.
Be3 Rb7 23. Nf4 Bf7 24. g4 fxg4 25. fxg4 Bg5 26. Kg3 Bxf4+ 27. Bxf4 Be8 28. Bc2
Rbf7 29. Rhf1 Ne7 30. Rf2 Qb6 31. Raf1 b4 32. axb4 axb4 33. Qe2 b3 34. Bb1 Qd8
35. Kh3 Qd7 36. Qd2 Kc7 37. Kg3 Kc8 38. Kh3 Kc7 1/2-1/2

[Event "Parsvnath Commonwealth ch 2010"]
[Site "Nueva Delhi IND"]
[Date "2010.05.15"]
[Round "8.13"]
[White "Deshmukh, Anup"]
[Black "Grover, Sahaj"]
[Result "0-1"]
[WhiteElo "2301"]
[BlackElo "2416"]
[PlyCount "72"]
[EventDate "2010.05.10"]
[EventType "swiss"]
[EventRounds "11"]
[EventCountry "IND"]
[Source "lmi"]
[SourceDate "2010.05.10"]

1. e4 e5 2. Nf3 Nc6 3. Bb5 a6 4. Ba4 Nf6 5. O-O Bc5 6. c3 b5 7. Bb3 d6 8. a4
Bg4 9. h3 Bxf3 10. Qxf3 Na5 11. Bc2 b4 12. d3 Rb8 13. Nd2 O-O 14. Rd1 d5 15.
exd5 b3 16. Bb1 Qxd5 17. Qe2 Rfd8 18. Re1 Re8 19. Nf1 Rbd8 20. Ng3 h6 21. Be3
Bxe3 22. fxe3 g6 23. Rf1 Kg7 24. c4 Qe6 25. Ra3 e4 26. Qe1 Nc6 27. Qc3 Qe5 28.
Nxe4 Nxe4 29. dxe4 Qxc3 30. bxc3 Na5 31. e5 Nxc4 32. Rxb3 Nd2 33. Ba2 Nxf1 34.
Kxf1 Rd2 35. Ra3 Rxe5 36. c4 Rf5+ 0-1

[Event "Parsvnath Commonwealth ch 2010"]
[Site "Nueva Delhi IND"]
[Date "2010.05.15"]
[Round "8.14"]
[White "Matta, Vinay Kumar"]
[Black "Konguvel, Ponnuswamy"]
[Result "1-0"]
[WhiteElo "2256"]
[BlackElo "2412"]
[PlyCount "77"]
[EventDate "2010.05.10"]
[EventType "swiss"]
[EventRounds "11"]
[EventCountry "IND"]
[Source "lmi"]
[SourceDate "2010.05.10"]

1. e4 c5 2. Nf3 d6 3. b3 Nf6 4. Nc3 g6 5. Bb2 Bg7 6. Bb5+ Nbd7 7. Nd5 e5 8.
Nxf6+ Bxf6 9. O-O O-O 10. Re1 Bg7 11. c3 a6 12. Bxd7 Bxd7 13. d4 exd4 14. cxd4
Bg4 15. h3 Bxf3 16. Qxf3 cxd4 17. Red1 Qb6 18. Qd3 Rac8 19. Bxd4 Bxd4 20. Qxd4
Qxd4 21. Rxd4 Rfe8 22. f3 Rc2 23. Rxd6 f5 24. Rd4 fxe4 25. fxe4 Re2 26. Rd7 Rc8
27. Kh1 Rcc2 28. Rg1 b5 29. a4 b4 30. Ra7 Kf8 31. Rxa6 Rxe4 32. Ra7 h5 33. Rf1+
Ke8 34. Rf6 h4 35. Rxg6 Kf8 36. Rb6 Rc8 37. a5 Kg8 38. Rd7 Kf8 39. a6 1-0

[Event "Parsvnath Commonwealth ch 2010"]
[Site "Nueva Delhi IND"]
[Date "2010.05.15"]
[Round "8.16"]
[White "Das, Sayantan"]
[Black "Narayanan, Srinath"]
[Result "1-0"]
[WhiteElo "2250"]
[BlackElo "2393"]
[PlyCount "117"]
[EventDate "2010.05.10"]
[EventType "swiss"]
[EventRounds "11"]
[EventCountry "IND"]
[Source "lmi"]
[SourceDate "2010.05.10"]

1. e4 c5 2. Nf3 d6 3. d4 cxd4 4. Nxd4 Nf6 5. Nc3 a6 6. h3 e5 7. Nde2 h5 8. g3
Be6 9. Bg2 Nbd7 10. Be3 b5 11. O-O Nb6 12. b3 Be7 13. f4 b4 14. Nd5 Bxd5 15.
exd5 e4 16. c4 bxc3 17. Nxc3 Rc8 18. Nxe4 Nbxd5 19. Nxf6+ Nxf6 20. Bd4 O-O 21.
Bb7 Rb8 22. Bxa6 Ne4 23. Kh2 Bf6 24. Bxf6 Qxf6 25. Bd3 Rfe8 26. Rc1 h4 27. g4
Ng3 28. Rf3 Rbc8 29. Rxc8 Rxc8 30. Kg2 g6 31. f5 g5 32. Qd2 Kf8 33. Re3 Qa1 34.
Re1 Qd4 35. Qe3 Qf6 36. Bc4 Rc5 37. Qe8+ Kg7 38. Qe7 Ra5 39. a4 d5 40. Qxf6+
Kxf6 41. Bb5 Ra7 42. Bc6 d4 43. b4 d3 44. Kf3 Ne2 45. Ke3 Nf4 46. Kd2 Ra6 47.
Rc1 Nxh3 48. a5 Ra7 49. Ra1 Nf4 50. a6 Ke5 51. b5 Kd6 52. Rb1 Kc5 53. b6 Rxa6
54. b7 Ra2+ 55. Ke3 Re2+ 56. Kf3 d2 57. b8=Q Re1 58. Qb6+ Kc4 59. Qb4+ 1-0

[Event "Parsvnath Commonwealth ch 2010"]
[Site "Nueva Delhi IND"]
[Date "2010.05.15"]
[Round "8.17"]
[White "Harihara Sudan, M."]
[Black "Suvrajit, Saha"]
[Result "0-1"]
[WhiteElo "1989"]
[BlackElo "2380"]
[PlyCount "96"]
[EventDate "2010.05.10"]
[EventType "swiss"]
[EventRounds "11"]
[EventCountry "IND"]
[Source "lmi"]
[SourceDate "2010.05.10"]

1. Nf3 Nc6 2. d4 d5 3. c4 e6 4. Nc3 Nf6 5. Bg5 Be7 6. e3 O-O 7. Rc1 a6 8. Bd3
Nb4 9. Be2 dxc4 10. Bxc4 b5 11. Be2 Bb7 12. O-O Nbd5 13. Qb3 Nxc3 14. bxc3 c5
15. dxc5 Bxc5 16. a4 Bd5 17. c4 bxa4 18. Qxa4 Be4 19. Rfd1 Qc7 20. Bf4 Qe7 21.
Ne5 Rfc8 22. Bg5 Ra7 23. h3 Ba3 24. f3 Bxc1 25. fxe4 Qc5 26. Rxc1 Qxe5 27. Bf4
Qb2 28. Rc2 Qb1+ 29. Kh2 Nxe4 30. c5 Nf6 31. e4 a5 32. Rc4 Qb2 33. Bf3 e5 34.
Bc1 Qb8 35. Be3 Qc7 36. Rc1 Qc6 37. Qa1 Qc7 38. Qa4 h6 39. Rb1 Qc6 40. Qa1 Qe8
41. Rc1 a4 42. Be2 Nxe4 43. c6 Raa8 44. c7 Nf6 45. Qa2 a3 46. Rc3 Nd5 47. Qxd5
a2 48. Rc1 Rxc7 0-1

[Event "Parsvnath Commonwealth ch 2010"]
[Site "Nueva Delhi IND"]
[Date "2010.05.15"]
[Round "8.20"]
[White "Kokarev, Dmitry"]
[Black "Stany, G.A."]
[Result "1-0"]
[WhiteElo "2612"]
[BlackElo "2330"]
[PlyCount "117"]
[EventDate "2010.05.10"]
[EventType "swiss"]
[EventRounds "11"]
[EventCountry "IND"]
[Source "lmi"]
[SourceDate "2010.05.10"]

1. e4 c5 2. Nf3 Nc6 3. d4 cxd4 4. Nxd4 Nf6 5. Nc3 e5 6. Ndb5 d6 7. Bg5 a6 8.
Na3 b5 9. Bxf6 gxf6 10. Nd5 f5 11. Bd3 Be6 12. c3 Bg7 13. Nxb5 axb5 14. Bxb5
Bd7 15. exf5 O-O 16. O-O Rc8 17. Qf3 f6 18. a4 Be8 19. Rfd1 Kh8 20. g3 Ne7 21.
Bxe8 Rxe8 22. a5 e4 23. Qxe4 Nxd5 24. Qxd5 Re5 25. Qf3 Rxa5 26. Rxa5 Qxa5 27.
Rxd6 h6 28. Kg2 Qc5 29. Re6 Qb5 30. Re2 Rc5 31. g4 Rc4 32. h3 Rc7 33. Rd2 Rc8
34. Qd5 Qxd5+ 35. Rxd5 Rc7 36. Kf3 Bf8 37. Ke2 Kg7 38. Kd3 Bc5 39. f3 Bg1 40.
b4 Re7 41. Kc2 h5 42. c4 h4 43. c5 Kh6 44. Rd1 Be3 45. Rd6 Kg7 46. Re6 Kf7 47.
Rxe7+ Kxe7 48. Kd3 Bc1 49. b5 Kd7 50. Kc4 Bf4 51. Kd5 Be3 52. b6 Bf4 53. c6+
Ke7 54. Ke4 Bd6 55. f4 Bc5 56. b7 Bd6 57. g5 Kd8 58. g6 Ke7 59. Kf3 1-0